| 000 | 01189nam0a22003011 4500 | ||
|---|---|---|---|
| 001 | v19\rc\1956962 | ||
| 005 | 20250619211142.0 | ||
| 035 | _a(NLR Aleph) 005041217 | ||
| 090 |
_a6795668 _c6795668 |
||
| 100 | _a20080428d1913 |||y0rusy50 ca | ||
| 101 | 0 | _arus | |
| 102 | _aRU | ||
| 105 | _ay z ||||| | ||
| 200 | 1 |
_aПоловая неврастения и ее излечение _eПо проф. Кронмайру |
|
| 205 | _a[2-е изд.] | ||
| 210 |
_a[Санкт-Петербург _d1913?] |
||
| 215 |
_a16 с. _d22 |
||
| 300 | _aЗагл. на кол.: Половая неврастения и лециталь Медико-фармацевтического товарищества | ||
| 309 | _aБез тит. л. | ||
| 517 | 0 | _aПоловая неврастения и лециталь Медико-фармацевтического товарищества | |
| 702 | 1 |
_aКронмай _bР.Ц. _4100 |
|
| 712 | 0 | 2 |
_aМедико-фармацевтическое товарищество _cПетербург |
| 801 | 0 |
_aRU _bNLR _gpsbo |
|
| 801 | 0 |
_aRU _bRuMoRGB _2psbo |
|
| 801 | 1 |
_aRU _bProSoft-M _2rusmarc |
|
| 852 |
_aNLR _jМд16/Б-6/1 |
||
| 942 | _cBOOK | ||
| 980 | _aNB | ||